| 000 | 01013nam a2200217 i 4500 | ||
|---|---|---|---|
| 001 | 157979 | ||
| 003 | ES-MaACL | ||
| 005 | 20250710212233.0 | ||
| 008 | 960320m18561857sp |||| |bspa d | ||
| 100 | 1 |
_aLópez, Joaquín María. _973338 |
|
| 245 | 1 | 0 |
_aColección de discursos parlamentarios, defensas forenses y producciones literarias / _cde Joaquín María López ; publicados por Feliciano López. |
| 260 |
_aMadrid : _b[s.n.], _c1856-1857 ( _fImprenta de Manuel Minuesa) |
||
| 300 |
_a7 v. ; _c21 cm. |
||
| 505 | 8 | _aContiene: T. 1, 2 y 3: Discursos parlamentarios - T. 4: Defensas forenses - T. 5 y 6: Producciones literarias - T. 7: Vida del Excmo. Sr. D. Joaquín María López, escrita por Fermín Caballero | |
| 600 | 0 | 4 |
_aLópez, Joaquín María- _xBiografías. _973339 |
| 700 | 1 |
_aLópez, Feliciano. _9129253 |
|
| 700 | 1 |
_aCaballero, Fermín, _d1800-1876 _933078 |
|
| 852 |
_aES-MaACL _jG-8358-64 _z- Enc. hol. |
||
| 852 |
_aES-MaACL _jC-3458-61 _z- Enc. hol. |
||
| 999 |
_c157979 _d157979 |
||